Governors of Louisiana - Statistics

General Stats
  • This quiz has been taken 10 times
  • The average score is 19 of 64
Answer Stats
Hint Answer % Correct
1928-1932 Huey Long
75%
2008-2016 Bobby Jindal
63%
1939-1940 Earl Long
63%
1948-1952 Earl Long
63%
1956-1960 Earl Long
63%
1824-1828 Henry Johnson
63%
1846-1850 Isaac Johnson
63%
2024- Jeff Landry
63%
1972-1980 Edwin Edwards
50%
1984-1988 Edwin Edwards
50%
1992-1996 Edwin Edwards
50%
2016-2024 John Bel Edwards
50%
1932 Alvin Olin King
38%
1944-1948 Jimmie Davis
38%
1960-1964 Jimmie Davis
38%
1920-1924 John Milliken Parker Sr.
38%
1850-1853 Joseph Marshall Walker
38%
1996-2004 Mike Foster
38%
1892-1900 Murphy James Foster
38%
1940-1944 Sam Houston Jones
38%
1843-1846 Alexandre Mouton
25%
1831-1835 André Bienvenue Roman
25%
1839-1843 André Bienvenue Roman
25%
1867-1868 Benjamin Flanders
25%
1988-1992 Buddy Roemer
25%
1980-1984 Dave Treen
25%
1835-1839 Edward Douglass White Sr.
25%
1924-1926 Henry Luse Fuqua Sr.
25%
1864-1865 Henry Watkins Allen
25%
1908-1912 Jared Young Sanders Sr.
25%
1873 John McEnery
25%
1868 Joshua Baker
25%
2004-2008 Kathleen Blanco
25%
1912-1916 Luther Egbert Hall
25%
1926-1928 Oramel Simpson
25%
1932-1936 Oscar Kelly Allen Sr.
25%
1853-1856 Paul Octave Hébert
25%
1872-1873 Pinckney Pinchback
25%
1881-1888 Samuel Douglass McEnery
25%
1820-1824 Thomas Bolling Robertson
25%
1860-1864 Thomas Overton Moore
25%
1812-1816 William Claiborne
25%
1873-1877 William Pitt Kellogg
25%
1829-1830 Arnaud Beauvais
13%
1877-1880 Francis Tillou Nicholls
13%
1888-1892 Francis Tillou Nicholls
13%
1862-1864(Military Governor) George Foster Shepley
13%
1868-1872 Henry Clay Warmoth
13%
1824 Henry Schuyler Thibodaux
13%
1830-1831 Jacques Dupré
13%
1816-1820 Jacques Villeré
13%
1936 James Albert Noe Sr.
13%
1865-1867 James Madison Wells
13%
1964-1972 John McKeithen
13%
1880-1881 Louis Alfred Wiltz
13%
1864-1865(With Above) Michael Hahn
13%
1904-1908 Newton Crain Blanchard
13%
1828-1829 Pierre Derbigny
13%
1936-1939 Richard Webster Leche
13%
1856-1860 Robert Charles Wickliffe
13%
1952-1956 Robert Floyd Kennon Sr.
13%
1916-1920 Ruffin Golson Pleasant
13%
1877 Stephen Bennett Packard
13%
1900-1904 William Wright Heard
13%
No matching quizzes found
Score Distribution
Percent of People with Each Score
Percentile by Number Answered
Your Score History
You have not taken this quiz